01330cam a22003015i 4500999001700000003000900017005001700026008004100043020001500084020001800099040003900117082002100156245011000177250002300287264006400310300002300374336002600397337002800423338002700451504005100478520021000529650003100739653003400770655002400804700004100828942001200869952014700881 c27760d27731EG-ScBUE20201128024420.0000814r20021998enk f b 001 0 eng d a0714643637 a9780714643632 aUkCUbengerdacUkCUdUkdEG-ScBUE04a327.174bARM22200aArms control :bnew approaches to theory and policy /cedited by Nancy W. Gallagher, Wesleyan University. aReprinted edition. 1aLondon ;aPortland, Oregon :bFrank Cass Publishers,c2002. a175 pages ;c24 cm atextbtxt2rdacontent aunmediatedbn2rdamedia avolumebnc2rdacarrier aIncludes bibliographical references and index. aThe essays in this volume explore the complexity of national arms control decision-making and multilateral negotiations, and the challenges of reaching domestic and international agreement on verification. 7aArms control.2BUEsh92749 bMASPPSSbBUSBOLcNovember2019 vReading book9342321 aGallagher, Nancy W.,d1961-eeditor. 2ddccBB 00102ddc40708BaccahaMAINbMAINc1STd2019-11-14ePurchaseg790.00l0o327.174 ARMp000044691r2025-07-15 00:00:00v987.50w2019-11-14yBB